Central Library OPAC University of Rajshahi

Ammianus Marcellinus / (Record no. 24702)

MARC details
000 -LEADER
fixed length control field 00779cam a2200265u 4500
001 - CONTROL NUMBER
control field 24702
003 - CONTROL NUMBER IDENTIFIER
rucl marc code BD-RjUL
005 - DATE AND TIME OF LATEST TRANSACTION
control field 20211209001104.0
008 - FIXED-LENGTH DATA ELEMENTS--GENERAL INFORMATION
fixed length control field 140315m19351939enk 001 0 eng
035 ## - SYSTEM CONTROL NUMBER
System control number (BD-RjUL)
040 ## - CATALOGING SOURCE
Original cataloging agency DLC
Transcribing agency CarP
Modifying agency DLC
Language of cataloging eng
041 ## - LANGUAGE CODE
Language code of text/sound track or separate title eng
082 ## - DEWEY DECIMAL CLASSIFICATION NUMBER
Classification number 937.63
Author mark and year AMA 1952
100 2# - MAIN ENTRY--PERSONAL NAME
Personal name Ammianus Marcellinus.
9 (RLIN) 76034
245 00 - TITLE STATEMENT
Title Ammianus Marcellinus /
Statement of responsibility, etc. Translated by john c. rolfe
Number of part/section of a work V-3
260 ## - PUBLICATION, DISTRIBUTION, ETC. (IMPRINT)
Place of publication, distribution, etc. London :
Name of publisher, distributor, etc. W. Heinemann, ltd.,
Date of publication, distribution, etc. c1939 [reprinted 1952]
300 ## - PHYSICAL DESCRIPTION
Pagination 601 p. ;
Size 16 cm.
504 ## - BIBLIOGRAPHY, ETC. NOTE
Bibliography, etc includes index
651 #0 - SUBJECT ADDED ENTRY--GEOGRAPHIC NAME
Geographic name Rome
General subdivision History
Chronological subdivision Empire, 284-476.
9 (RLIN) 73056
700 1# - ADDED ENTRY--PERSONAL NAME
Personal name Rolfe, John Carew,
Dates associated with a name 1859-1943,
Relator term tr.
942 ## - ADDED ENTRY ELEMENTS (KOHA)
Source of classification or shelving scheme Dewey Decimal Classification
Koha item type Books
Holdings
Lost status Source of classification or shelving scheme Damaged status Not for loan Collection code Permanent Location Current Location Shelving location Date acquired Source of acquisition Cost, normal purchase price Total Checkouts Full call number Date last seen Copy number Koha item type
  Dewey Decimal Classification   Added to bundle Non-fiction Central Library, University of Rajshahi Central Library, University of Rajshahi Reading Room 10/03/1955 simpkin marshall 15.00   937.63 AMA V-3 1952 15/03/2014 C-1 Books